Don Miguel Mir y su historia interna documentada de La Compañía de Jesús. Estudio crítico

Saved in:
Bibliographic Details
Main Author: Ruiz Amado, Ramón (Author)
Format: Book
Language:Spanish
Published: Barcelona Librería Religiosa 1914
Subjects:
Tags: Add Tag
No Tags, Be the first to tag this record!

MARC

LEADER 00000nam a2200000 a 4500
001 UCI4578
003 CL-VaPUC
005 20220118174947.0
008 080125e19140000SP |||||||||||||||||spa|d
999 |c 328482  |d 328480 
040 |c Pontificia Universidad Católica de Valparaíso 
082 0 4 |a 271.53  |b RUI  |2 21 
100 0 |a Ruiz Amado, Ramón  |e author  |9 526545 
245 1 0 |a Don Miguel Mir y su historia interna documentada de La Compañía de Jesús. Estudio crítico 
260 |a Barcelona  |b Librería Religiosa  |c 1914 
300 |a 182 p 
500 |a Donación Padres Capuchinos 
583 |a last modification  |c 20080125 00:00:00  |k Rodrigo Vera 
600 0 7 |a COMPAÑIA DE JESUS  |2 CL-VaPUC  |9 318179 
600 0 7 |a SAN IGNACIO DE LOYOLA  |2 CL-VaPUC  |9 478086 
600 0 7 |a Mir, Miguel,  |d 1841-1912  |9 865889 
650 7 |a JESUITAS-HISTORIA  |2 CL-VaPUC  |9 323754 
650 7 |a ORDEN RELIGIOSA  |2 CL-VaPUC  |9 526547 
942 |c BK  |2 ddc 
945 |d 20080125 00:00:00  |a rbrito 
952 |0 0  |1 0  |4 0  |6 271_530000000000000_RUI_1914  |7 0  |8 X  |9 412407  |a FDOBUD  |b FDOBUD  |d 2019-11-22  |i 440517K  |o 271.53 RUI 1914  |p 440517K  |r 2019-11-22  |w 2019-11-22  |y BK_X  |k BUD